000 00303nam a22001337a 4500
020 _a0-14-036859-0
082 _a823
_bBOY/C
100 _aBOYD, CANDY DAWSON
245 _aCHEVROLET SATURDAYS
260 _aNEW YORK
_bPENGUIN BOOKS
_c1993
300 _a176
650 _aNOVEL
_zUNITED STATES
942 _cBK
999 _c2794
_d2794